{"text_format":"3","workbook":"xlsx","n_sheets":7,"sheets":["表3-5 单位工程预算价汇总表","表3-6 分部分项工程计价表","3.1措施项目费汇总表（输出清单项）","表3-13 其他项目计价表","表3-19 规费和税金项目计算表","5.5主要材料价格表","1.1.2综合单价计算表"],"read":"whole","date_system":"1900"}

{"sheet":"表3-5 单位工程预算价汇总表","index":0,"n_rows":22,"n_cols":6,"rows_kept":22,"merged":[[0,0,0,5],[1,0,1,2],[1,4,1,5],[2,2,2,4],[3,2,3,4],[4,2,4,4],[5,2,5,4],[6,2,6,4],[7,2,7,4],[8,2,8,4],[9,2,9,4],[10,2,10,4],[11,2,11,4],[12,2,12,4],[13,2,13,4],[14,2,14,4],[15,2,15,4],[16,2,16,4],[17,2,17,4],[18,2,18,4],[19,2,19,4],[20,2,20,4],[21,2,21,4],[22,2,22,4],[23,2,23,4],[24,2,24,4],[25,2,25,4],[26,2,26,4],[27,2,27,4],[28,2,28,4],[29,2,29,4],[30,2,30,4],[31,2,31,4],[32,2,32,4],[33,2,33,4],[34,2,34,4],[35,2,35,4]]}
["单位工程造价汇总表"]
["工程名称：南村镇主干道标志标线及主干道周边商铺门前增设车位工程",{"$nulls":3},"第 1 页  共 1 页"]
["序号","费 用 名 称","计 算 基 础",null,null,"金  额（元）"]
["1","分部分项合计","分部分项合计",null,null,453885.29]
["2","措施合计","绿色施工安全防护措施费+其他措施费",null,null,35870.56]
["2.1","绿色施工安全防护措施费","安全及文明施工措施费",null,null,35870.56]
["2.2","其他措施费","其他措施费"]
["3","其他项目","其他项目合计"]
["3.1","暂列金额","暂列金额"]
["3.2","暂估价","暂估价合计"]
["3.3","计日工","计日工"]
["3.4","总承包服务费","总承包服务费"]
["3.5","预算包干费","预算包干费"]
["3.6","工程优质费","工程优质费"]
["3.7","概算幅度差","概算幅度差"]
["3.8","索赔费用","索赔费用"]
["3.9","现场签证费用","现场签证费用"]
["3.10","其他费用","其他费用"]
["4","税前工程造价","分部分项合计+措施合计+其他项目",null,null,489755.85]
["5","增值税销项税额","分部分项合计+措施合计+其他项目",null,null,44078.03]
["6","总造价","分部分项合计+措施合计+其他项目+增值税销项税额",null,null,533833.88]
["7","人工费","分部分项人工费+技术措施项目人工费",null,null,100646.53]

{"sheet":"表3-6 分部分项工程计价表","index":1,"n_rows":38,"n_cols":10,"rows_kept":38,"merged":[[0,0,0,9],[1,0,1,5],[1,7,1,9],[2,0,3,0],[2,1,3,1],[2,2,3,2],[2,3,3,3],[2,4,3,4],[2,5,3,7],[2,8,2,9],[4,5,4,7],[5,5,5,7],[6,5,6,7],[7,5,7,7],[8,5,8,7],[9,5,9,7],[10,5,10,7],[11,5,11,7],[12,5,12,7],[13,0,13,8],[14,0,14,9],[15,0,15,5],[15,7,15,9],[16,0,17,0],[16,1,17,1],[16,2,17,2],[16,3,17,3],[16,4,17,4],[16,5,17,7],[16,8,16,9],[18,5,18,7],[19,5,19,7],[20,5,20,7],[21,2,21,3],[21,5,21,7],[22,5,22,7],[23,5,23,7],[24,5,24,7],[25,5,25,7],[26,5,26,7],[27,5,27,7],[28,5,28,7],[29,5,29,7],[30,5,30,7],[31,5,31,7],[32,5,32,7],[33,5,33,7],[34,5,34,7],[35,5,35,7],[36,0,36,8],[37,0,37,8]]}
["分部分项工程计价表"]
["工程名称：南村镇主干道标志标线及主干道周边商铺门前增设车位工程",{"$nulls":6},"第 1 页  共 2 页"]
["序号","项目编码","项目名称","项目特征描述","计量\n单位","工程数量",null,null,"金额（元）"]
[{"$nulls":8},"综合单价","合价"]
[1,"040205009001","清除标线","1.类型：清除交通标线  \n2.材料：高压水清洗\n3.其他参数详设计，已综合考虑","m2","4000",null,null,31.12,124480]
[2,"040205006001","交通标线","1.名称:交通标线\n2.品种:环保反光热熔涂料专用底油反光玻璃珠\n3.线型厚度:2.5mm","m2","4522",null,null,46.25,209142.5]
[3,"040205006004","人行横道线","1.名称:人行横道线\n2.品种:环保反光热熔涂料专用底油反光玻璃珠\n3.线型厚度:2.5mm","m2","494",null,null,38.82,19177.08]
[4,"040205007001","左右转箭头","1.名称:4.5米左右转箭头箭头\n2.品种:环保反光热熔涂料专用底油反光玻璃珠\n3.线型厚度:2.5mm\n4.其它:未尽事项,详见招标图纸、招标文件及国家相关规范","个","23",null,null,72.2,1660.6]
[5,"040205007002","直行箭头","1.名称:4.5米直行箭头\n2.品种:环保反光热熔涂料专用底油反光玻璃珠\n3.线型厚度:2.5mm\n4.其它:未尽事项,详见招标图纸、招标文件及国家相关规范","个","253",null,null,56.2,14218.6]
[6,"040205007003","直行右转箭头","1.名称:4.5米直行右转箭头\n2.品种:环保反光热熔涂料专用底油反光玻璃珠\n3.线型厚度:2.5mm\n4.其它:未尽事项,详见招标图纸、招标文件及国家相关规范","个","59",null,null,95.96,5661.64]
[7,"040205007004","左转掉头箭头","1.名称:4.5米左转掉头箭头\n2.品种:环保反光热熔涂料专用底油反光玻璃珠\n3.线型厚度:2.5mm\n4.其它:未尽事项,详见招标图纸、招标文件及国家相关规范","个","8",null,null,109.67,877.36]
[8,"040205006003","停车位标线","1.名称:停车位标线\n2.品种:环保反光热熔涂料专用底油反光玻璃珠\n3.线型厚度:2.5mm","m2","1087",null,null,46.25,50273.75]
[9,"040205007005","非机动车位标记","1.名称:非机动车位标记\n2.品种:环保反光热熔涂料专用底油反光玻璃珠\n3.线型厚度:2.5mm","m2","224",null,null,42.1,9430.4]
["本页小计",{"$nulls":8},434921.93]
["分部分项工程计价表"]
["工程名称：南村镇主干道标志标线及主干道周边商铺门前增设车位工程",{"$nulls":6},"第 2 页  共 2 页"]
["序号","项目编码","项目名称","项目特征描述","计量\n单位","工程数量",null,null,"金额（元）"]
[{"$nulls":8},"综合单价","合价"]
[10,"040205004001","禁停交通标志板(Φ=0.8m)圆形","1.面板材质:按设计图纸要求\n2.材质、规格尺寸:D=0.8m（圆形）\n3.板面反光膜等级:III类反光\n膜\n4.其他:按设计图纸要求","块","7",null,null,565.37,3957.59]
[11,"040205004002","限速交通标志板(Φ=0.8m)圆形","1.面板材质:按设计图纸要求\n2.材质、规格尺寸:D=0.8m（圆形）\n3.板面反光膜等级:III类反光\n膜\n4.其他:按设计图纸要求","块","2",null,null,565.37,1130.74]
[12,"040205003001","标志牌立杆与安装Φ108mm×5mm×3550mm","标杆Φ108mm×5mm×3550mm\n1.类型:单立杆\n2.材质:镀锌钢管\n3.规格尺寸:标杆Φ108mm×5mm×3550mm\n4.基础、垫层:C30混凝土基础，C10混凝土垫层\n5.油漆品种:热浸镀锌防腐处理\n6.土方:基坑开挖、回填及外弃土方15km\n7.其它:未尽事项,详见招标图纸、招标文件及国家相关规范","根","9",null,null,1541.67,13875.03]
[{"$nulls":9},453885.29]
{"$rows_empty":14}
["本页小计",{"$nulls":8},18963.36]
["合  计",{"$nulls":8},453885.29]

{"sheet":"3.1措施项目费汇总表（输出清单项）","index":2,"n_rows":38,"n_cols":8,"rows_kept":38,"merged":[[0,0,0,7],[1,0,1,5],[1,6,1,7],[2,0,2,0],[2,1,2,2],[2,3,2,3],[2,4,2,4],[2,5,2,6],[3,1,3,2],[3,5,3,6],[4,1,4,2],[4,5,4,6],[5,1,5,2],[5,5,5,6],[6,1,6,2],[6,5,6,6],[7,1,7,2],[7,5,7,6],[8,1,8,2],[8,5,8,6],[9,1,9,2],[9,5,9,6],[10,1,10,2],[10,5,10,6],[11,1,11,2],[11,5,11,6],[12,1,12,2],[12,5,12,6],[13,1,13,2],[13,5,13,6],[14,1,14,2],[14,5,14,6],[15,1,15,2],[15,5,15,6],[16,1,16,2],[16,5,16,6],[17,1,17,2],[17,5,17,6],[18,1,18,2],[18,5,18,6],[19,1,19,2],[19,5,19,6],[20,1,20,2],[20,5,20,6],[21,1,21,2],[21,5,21,6],[22,1,22,2],[22,5,22,6],[23,1,23,2],[23,5,23,6],[24,1,24,2],[24,5,24,6],[25,1,25,2],[25,5,25,6],[26,1,26,2],[26,5,26,6],[27,1,27,2],[27,5,27,6],[28,1,28,2],[28,5,28,6],[29,1,29,2],[29,5,29,6],[30,1,30,2],[30,5,30,6],[31,1,31,2],[31,5,31,6],[32,1,32,2],[32,5,32,6],[33,1,33,2],[33,5,33,6],[34,1,34,2],[34,5,34,6],[35,1,35,2],[35,5,35,6],[36,1,36,2],[36,5,36,6],[37,1,37,2],[37,5,37,6]]}
["措施项目费汇总表"]
["工程名称：南村镇主干道标志标线及主干道周边商铺门前增设车位工程",{"$nulls":5},"第 1 页 共 1 页"]
["编码","名称",null,"单位","数量","单价（元）",null,"合价（元）"]
["1","绿色施工安全防护措施费"]
["1.1","综合脚手架",null,"项",1]
["1.2","靠脚手架安全挡板",null,"项",1]
["1.3","围尼龙编制布",null,"项",1]
["1.4","桥梁支架",null,"项",1]
["1.5","施工现场围挡和临时占地围挡",null,"项",1]
["1.6","施工围挡照明",null,"项",1]
["1.7","独立安全防护挡板",null,"项",1]
["1.8","吊装设备基础",null,"项",1]
["LSSGCSF00001","绿色施工安全防护措施费",null,"项","RGF+JXF","16.5%",null,35870.56]
[null,"小计",null,"元",{"$nulls":3},35870.56]
["2","措施其他项目"]
["粤041109009001","文明工地增加费",null,"项","RGF+JXF","0%"]
["041109002001","夜间施工增加费",null,"项",null,"20%"]
["041109005001","交通疏解员增加费",null,"项",null,"15%"]
["041108001001","地下管线交叉降效费",null,"项",null,"0%"]
["粤041109008001","赶工措施费",null,"项","RGF+JXF","0%"]
["QTFY00000001","其他费用",null,"项",1]
["2.7","围堰工程",null,"项",1]
["2.8","材料二次运输",null,"项",1]
["2.9","井点降水工程",null,"项",1]
["2.10","施工护栏",null,"项",1]
["2.11","监测量控工程",null,"项",1]
[null,"小计",null,"元"]
{"$rows_empty":10}
[null,"合计",{"$nulls":5},"35870.56"]

{"sheet":"表3-13 其他项目计价表","index":3,"n_rows":32,"n_cols":7,"rows_kept":32,"merged":[[0,0,0,6],[1,0,1,3],[1,5,1,6],[2,3,2,5],[3,3,3,5],[4,3,4,5],[5,3,5,5],[6,3,6,5],[7,3,7,5],[8,3,8,5],[9,3,9,5],[10,3,10,5],[11,3,11,5],[12,3,12,5],[13,3,13,5],[14,3,14,5],[15,3,15,5],[16,3,16,5],[17,3,17,5],[18,3,18,5],[19,3,19,5],[20,3,20,5],[21,3,21,5],[22,3,22,5],[23,3,23,5],[24,3,24,5],[25,3,25,5],[26,3,26,5],[27,3,27,5],[28,3,28,5],[29,3,29,5],[30,3,30,5],[31,0,31,2],[31,3,31,5]]}
["其他项目清单与计价表"]
["工程名称：南村镇主干道标志标线及主干道周边商铺门前增设车位工程",{"$nulls":4},"第 1 页  共 1 页"]
["序号","项目名称","单位","金额（元）",null,null,"备注"]
["1","暂列金额","项"]
["2","暂估价","项"]
["2.1","材料暂估价","项"]
["2.2","专业工程暂估价","项"]
["3","计日工","项"]
["4","总承包服务费","项"]
["5","预算包干费","项",{"$nulls":3},"按分部分项的人工费与施工机具费之和的 6.00%计算"]
["6","工程优质费","项",{"$nulls":3},"按分部分项的人工费与施工机具费之和为计算基础\n国家级质量奖：12.10%；省级质量奖：7.20%；市级质量奖：4.50%"]
["7","概算幅度差","项",{"$nulls":3},"按分部分项工程费的3.00%计算"]
["8","现场签证费用","项"]
["9","索赔费用","项"]
["10","其他费用","项",{"$nulls":3},"按实际发生或经批准的施工方案计算"]
{"$rows_empty":16}
["合    计",null,null,"0.00",null,null,"-"]

{"sheet":"表3-19 规费和税金项目计算表","index":4,"n_rows":38,"n_cols":7,"rows_kept":38,"merged":[[0,0,0,6],[1,0,1,3],[1,5,1,6],[2,3,2,5],[3,3,3,5],[4,3,4,5],[5,3,5,5],[6,3,6,5],[7,3,7,5],[8,3,8,5],[9,3,9,5],[10,3,10,5],[11,3,11,5],[12,3,12,5],[13,3,13,5],[14,3,14,5],[15,3,15,5],[16,3,16,5],[17,3,17,5],[18,3,18,5],[19,3,19,5],[20,3,20,5],[21,3,21,5],[22,3,22,5],[23,3,23,5],[24,3,24,5],[25,3,25,5],[26,3,26,5],[27,3,27,5],[28,3,28,5],[29,3,29,5],[30,3,30,5],[31,3,31,5],[32,3,32,5],[33,3,33,5],[34,3,34,5],[35,3,35,5],[36,3,36,5],[37,0,37,5]]}
["规费和税金项目清单与计价表"]
["工程名称：南村镇主干道标志标线及主干道周边商铺门前增设车位工程",{"$nulls":4},"第 1 页  共 1 页"]
["序号","项 目 名 称","计 算 基 础","费率（%）",null,null,"金额（元）"]
["1","增值税销项税额","分部分项合计+措施合计+其他项目","9",null,null,44078.03]
{"$rows_empty":33}
["合计",{"$nulls":5},44078.03]

{"sheet":"5.5主要材料价格表","index":5,"n_rows":35,"n_cols":10,"rows_kept":35,"merged":[[0,0,0,9],[1,0,1,5],[1,7,1,9],[2,5,2,7],[3,5,3,7],[4,5,4,7],[5,5,5,7],[6,5,6,7],[7,5,7,7],[8,5,8,7],[9,5,9,7],[10,5,10,7],[11,5,11,7],[12,5,12,7],[13,5,13,7],[14,5,14,7],[15,5,15,7],[16,5,16,7],[17,5,17,7],[18,5,18,7],[19,5,19,7],[20,5,20,7],[21,5,21,7],[22,5,22,7],[23,5,23,7],[24,5,24,7],[25,5,25,7],[26,5,26,7],[27,5,27,7],[28,5,28,7],[29,5,29,7],[30,5,30,7],[31,5,31,7],[32,5,32,7],[33,5,33,7],[34,5,34,7]]}
["主要材料价格表"]
["工程名称：南村镇主干道标志标线及主干道周边商铺门前增设车位工程",{"$nulls":6},"第 1 页  共 1 页"]
["序号","材料编码","材料名称","规格","单位","数量",null,null,"市场价\n（元）","市场价合计（元）"]
[1,"01010035","热轧圆盘条","φ12~25","t",0.0554,null,null,4134.24,229.04]
[2,"01030031","镀锌低碳钢丝","φ0.7~1.2","kg",0.2496,null,null,5.85,1.46]
[3,"02270070","土工布",null,"m2",1.2892,null,null,3.42,4.41]
[4,"03135001","低碳钢焊条","综合","kg",0.3889,null,null,6.01,2.34]
[5,"13010530","热塑标线底漆",null,"kg",1166.1586,null,null,9.9,11544.97]
[6,"13030360","沥青漆",null,"kg",1600,null,null,10.26,16416]
[7,"13110040","环保热熔标线涂料",null,"kg",818.6752,null,null,3.6,2947.23]
[8,"13110040@1","环保反光热熔涂料",null,"kg",2869.0079,null,null,3.6,10328.43]
[9,"13110040@3","热熔标线涂料",null,"kg",29738.437,null,null,3.6,107058.37]
[10,"14390080","液化石油气",null,"m3",1076.993,null,null,8.28,8917.5]
[11,"34110010","水",null,"m3",2.3687,null,null,4.58,10.85]
[12,"36210030","反光材料(玻璃珠)",null,"kg",2081.972,null,null,2.54,5288.21]
[13,"36210030@1","专用底油反光玻璃珠",null,"kg",195.4671,null,null,2.54,496.49]
[14,"99450760","其他材料费",null,"元",2838.8143,null,null,1,2838.81]
[15,"8021901","普通预拌混凝土","碎石粒径综合考虑 C10","m3",1.0181,null,null,555,565.05]
[16,"8021905","普通预拌混凝土","碎石粒径综合考虑 C30","m3",10.1808,null,null,625,6363]
[17,"34130010@1","交通标志板(D=0.8m)圆形",null,"块",9,null,null,323.33,2909.97]
[18,"36210120@1","直杆","Φ108mm×5mm×3550mm","套",9,null,null,351.25,3161.25]
{"$rows_empty":13}
[null,null,"合  计",{"$nulls":6},179083.38]

{"sheet":"1.1.2综合单价计算表","index":6,"n_rows":58,"n_cols":9,"rows_kept":58,"merged":[[0,0,0,8],[1,0,1,5],[1,6,1,8],[2,0,2,0],[2,1,2,1],[2,2,2,3],[2,4,2,4],[2,5,2,6],[2,7,2,7],[3,0,3,0],[3,2,3,3],[3,5,3,6],[4,0,4,0],[4,2,4,3],[4,5,4,6],[5,0,5,0],[5,2,5,3],[5,5,5,6],[6,0,6,0],[6,2,6,3],[6,5,6,6],[7,0,7,0],[7,2,7,3],[7,5,7,6],[8,0,8,0],[8,2,8,3],[8,5,8,6],[9,0,9,0],[9,2,9,3],[9,5,9,6],[10,0,10,0],[10,2,10,3],[10,5,10,6],[11,0,11,0],[11,2,11,3],[11,5,11,6],[12,0,12,0],[12,2,12,3],[12,5,12,6],[13,0,13,0],[13,2,13,3],[13,5,13,6],[14,0,14,0],[14,2,14,3],[14,5,14,6],[15,0,15,0],[15,2,15,3],[15,5,15,6],[16,0,16,0],[16,2,16,3],[16,5,16,6],[17,0,17,0],[17,2,17,3],[17,5,17,6],[18,0,18,0],[18,2,18,3],[18,5,18,6],[19,0,19,0],[19,2,19,3],[19,5,19,6],[20,0,20,0],[20,2,20,3],[20,5,20,6],[21,0,21,0],[21,2,21,3],[21,5,21,6],[22,0,22,0],[22,2,22,3],[22,5,22,6],[23,0,23,0],[23,2,23,3],[23,5,23,6],[24,0,24,0],[24,2,24,3],[24,5,24,6],[25,0,25,0],[25,2,25,3],[25,5,25,6],[26,0,26,8],[27,0,27,5],[27,6,27,8],[28,0,28,0],[28,1,28,1],[28,2,28,3],[28,4,28,4],[28,5,28,6],[28,7,28,7],[29,0,34,0],[29,2,29,3],[29,5,29,6],[30,2,30,3],[30,5,30,6],[31,2,31,3],[31,5,31,6],[32,2,32,3],[32,5,32,6],[33,2,33,3],[33,5,33,6],[34,2,34,3],[34,5,34,6],[35,0,35,0],[35,2,35,3],[35,5,35,6],[36,0,36,0],[36,2,36,3],[36,5,36,6],[37,0,37,0],[37,2,37,3],[37,5,37,6],[38,0,38,0],[38,2,38,3],[38,5,38,6],[39,0,39,0],[39,2,39,3],[39,5,39,6],[40,0,40,0],[40,2,40,3],[40,5,40,6],[41,0,41,0],[41,2,41,3],[41,5,41,6],[42,0,42,0],[42,2,42,3],[42,5,42,6],[43,0,43,0],[43,2,43,3],[43,5,43,6],[44,0,44,0],[44,2,44,3],[44,5,44,6],[45,0,45,0],[45,2,45,3],[45,5,45,6],[46,0,46,0],[46,2,46,3],[46,5,46,6],[47,0,47,0],[47,2,47,3],[47,5,47,6],[48,0,48,0],[48,2,48,3],[48,5,48,6],[49,0,49,0],[49,2,49,3],[49,5,49,6],[50,0,50,0],[50,2,50,3],[50,5,50,6],[51,0,51,0],[51,2,51,3],[51,5,51,6],[52,0,52,0],[52,2,52,3],[52,5,52,6],[53,0,53,0],[53,2,53,3],[53,5,53,6],[54,0,54,0],[54,2,54,3],[54,5,54,6],[55,0,55,0],[55,2,55,3],[55,5,55,6],[56,0,56,0],[56,2,56,3],[56,5,56,6],[57,2,57,3],[57,5,57,6]]}
["综合单价计算表"]
["工程名称：南村镇主干道标志标线及主干道周边商铺门前增设车位工程",{"$nulls":5},"第 1 页 共 2 页"]
["序号","编码","名称",null,"单位","工程量",null,"综合单价\n（元）","综合合价\n（元）"]
[1,"040205009001","清除标线",null,"m2","4000",null,31.12,124480]
[null,"D2-5-46","清除路面标线 沥青砼路面机械清除",null,"10m2",400,null,311.2,124480]
[2,"040205006001","交通标线",null,"m2","4522",null,46.25,209142.5]
[null,"D2-5-32 R*2,J*2","热熔标线 普通型 \u007f标线设计厚度超过2.5mm,除按标线设计厚度与定额厚度的比例增加定额中的热熔标线涂料和液化石油气的消耗量外 人工*2,机械*2",null,"10m2",452.2,null,462.45,209119.89]
[3,"040205006004","人行横道线",null,"m2","494",null,38.82,19177.08]
[null,"D2-5-44","横道线 热熔涂料 普通型",null,"10m2",49.4,null,388.18,19176.09]
[4,"040205007001","左右转箭头",null,"个","23",null,72.2,1660.6]
[null,"D2-5-36","箭头 热熔型漆",null,"10m2",3.634,null,456.94,1660.52]
[5,"040205007002","直行箭头",null,"个","253",null,56.2,14218.6]
[null,"D2-5-36","箭头 热熔型漆",null,"10m2",31.119,null,456.94,14219.52]
[6,"040205007003","直行右转箭头",null,"个","59",null,95.96,5661.64]
[null,"D2-5-36","箭头 热熔型漆",null,"10m2",12.39,null,456.94,5661.49]
[7,"040205007004","左转掉头箭头",null,"个","8",null,109.67,877.36]
[null,"D2-5-36","箭头 热熔型漆",null,"10m2",1.92,null,456.94,877.32]
[8,"040205006003","停车位标线",null,"m2","1087",null,46.25,50273.75]
[null,"D2-5-32 R*2,J*2","热熔标线 普通型 \u007f标线设计厚度超过2.5mm,除按标线设计厚度与定额厚度的比例增加定额中的热熔标线涂料和液化石油气的消耗量外 人工*2,机械*2",null,"10m2",108.7,null,462.45,50268.32]
[9,"040205007005","非机动车位标记",null,"m2","224",null,42.1,9430.4]
[null,"D2-5-39","文字、字符、图形标记 热熔型漆",null,"10m2",22.4,null,421.03,9431.07]
[10,"040205004001","禁停交通标志板(Φ=0.8m)圆形",null,"块","7",null,565.37,3957.59]
[null,"D2-5-21","标志板安装 单块面积 1m2内",null,"块",7,null,565.37,3957.59]
[11,"040205004002","限速交通标志板(Φ=0.8m)圆形",null,"块","2",null,565.37,1130.74]
[null,"D2-5-21","标志板安装 单块面积 1m2内",null,"块",2,null,565.37,1130.74]
[12,"040205003001","标志牌立杆与安装Φ108mm×5mm×3550mm",null,"根","9",null,1541.67,13875.03]
["综合单价计算表"]
["工程名称：南村镇主干道标志标线及主干道周边商铺门前增设车位工程",{"$nulls":5},"第 2 页 共 2 页"]
["序号","编码","名称",null,"单位","工程量",null,"综合单价\n（元）","综合合价\n（元）"]
[null,"D1-1-6","人工挖一般土方 一、二类土",null,"100m3天然密实方",0.11088,null,2155.26,238.98]
[null,"D1-1-53 换","自卸汽车运土方 运距1km内 \u007f实际运距(km):15",null,"1000m3天然密实方",0.011088,null,36036.8,399.58]
[null,"D3-1-4 换","现浇基础 混凝土 \u007f合并制作子目 普通预拌混凝土 碎石粒径综合考虑 C30",null,"10m3",1.008,null,8007.03,8071.09]
[null,"D5-1-13 换","垫层 混凝土 \u007f合并制作子目 普通预拌混凝土 碎石粒径综合考虑 C10",null,"10m3",0.1008,null,6599.04,665.18]
[null,"借A1-5-103","现浇构件圆钢 φ25内",null,"t",0.05402,null,5035.3,272.01]
[null,"D2-5-7","信号灯杆、标志杆安装 单柱式杆 杆高5000mm内",null,"套",9,null,469.8,4228.2]
{"$rows_empty":22}
[null,null,"合   计",{"$nulls":5},453885.29]